L'Hymne a la crue du Nil /

Saved in:

Other Authors: Plas, Dirk van der.

Format: Book

Language: French
Ancient Egyptian

Published: Leiden : Nederlands Instituut voor het Nabije Oosten, 1986.

Series: Egyptologische uitgaven ; 4/1-2.
EgUit ; 4/1-2.

Subjects:

Online Access: Login to view Source

Tags: Add Tag

No Tags, Be the first to tag this record!

Call Number: DT57 .U35 v.4/1-2

LEADER 01217namaa2200337 4500
001 13371
003 OSt
005 20260422131707.0
008 880930s1986 ne a b 00100 fre d
020 |a 9062582044 
040 |c ARCE Library 
041 0 |a fre  |a egy  
050 4 |a DT57 .U35 v.4/1-2 
245 0 2 |a L'Hymne a la crue du Nil /   |c éditée par Dirk van der Plas.  
264 1 |a Leiden :  |b Nederlands Instituut voor het Nabije Oosten,  |c 1986.  
300 |a 2 volumes :   |b illustrations ;   |c 27 cm. 
490 1 |a Egyptologische uitgaven ;   |v 4/1-2. 
490 1 |a EgUit ;   |v 4/1-2. 
500 |a Three folded charts in pocket of v. 1. 
504 |a Includes bibliographical references and indexes. 
505 0 |a t. 1. Traduction et commentaire -- t. 2. Présentation du texte. Texte synoptique. Planches. 
650 0 |a Hymns, Egyptian. 
650 0 |a Egyptian language  |v Texts. 
650 0 |a Inscriptions, Egyptian. 
700 1 |a Plas, Dirk van der.  |9 37703 
830 0 |a Egyptologische uitgaven ;   |v 4/1-2. 
830 0 |a EgUit ;   |v 4/1-2. 
856 4 0 |u http://145.239.254.35/cgi-bin/koha/opac-retrieve-file.pl?id=6776c95daf81dca2d6014a5dfd26568b 
901 |a reviewed 
942 |c BK  |c EBK  |2 lcc 
999 |c 13268  |d 13268